| 000 | 00687nam a2200229 a 4500 | ||
|---|---|---|---|
| 999 |
_c10577 _d10577 |
||
| 001 | 10577 | ||
| 003 | BD-JhCC | ||
| 005 | 20180723122532.0 | ||
| 008 | 180723b20121990bg |||| |||| 000 0 ben d | ||
| 020 | _a98446004910 | ||
| 035 | _a(BD-JhCC)10577 | ||
| 040 |
_aBD-JhCC _dBD-JhCC |
||
| 041 | _aben | ||
| 082 |
_a891.443 _bUDD 2012 |
||
| 100 | _aউদ্দীন, জসীম | ||
| 245 |
_aবউ টুবানীর ফুল / _cজসীম উদ্দীন |
||
| 260 |
_aঢাকা : _bপলাশ, _c২০১২. |
||
| 300 |
_a১০৯ পৃ. : _c২১ সেমি. |
||
| 650 | _aবাংলা উপন্যাস | ||
| 650 | _aBengali Novel | ||
| 942 |
_2ddc _cBK |
||